La teología en la educación superior en América Latina (Record no. 893269)

000 -CABECERA
Campo de control de longitud fija 00774nab a22002057 4500
003 - IDENTIFICADOR DEL NÚMERO DE CONTROL
Campo de control ES-SlBCS
005 - FECHA Y HORA DE LA ÚLTIMA TRANSACCIÓN
Campo de control 20231213213247.0
008 - CÓDIGOS DE INFORMACIÓN DE LONGITUD FIJA
Campo de control de longitud fija 231213s2023 sp ||||| |||| 00| 0 spa d
040 ## - FUENTE DE LA CATALOGACIÓN
Centro catalogador del origen ES-SlBCS
Lengua de catalogación spa
041 ## - CÓDIGO DE LENGUA
Código de lengua del texto/banda sonora o título independiente spa
100 1# - PUNTO DE ACCESO PRINCIPAL-NOMBRE DE PERSONA
Nombre de persona Palafox, Ernesto
9 (RLIN) 85137
245 13 - MENCIÓN DE TÍTULO
Título La teología en la educación superior en América Latina
Mención de responsabilidad, etc. Ernesto Palafox, Olvani Sánchez Hernández, Geraldo De Mori, Birgit Weiler, Loreto Moya Marchant, Marcela Mazzini:
700 1# - PUNTO DE ACCESO ADICIONAL-NOMBRE DE PERSONA
9 (RLIN) 76228
Nombre de persona Sánchez Hernández, Olvani Fernando
700 1# - PUNTO DE ACCESO ADICIONAL-NOMBRE DE PERSONA
9 (RLIN) 65937
Nombre de persona Mori, Geraldo Luiz de
700 1# - PUNTO DE ACCESO ADICIONAL-NOMBRE DE PERSONA
9 (RLIN) 417338
Nombre de persona Weiler, Birgit
700 1# - PUNTO DE ACCESO ADICIONAL-NOMBRE DE PERSONA
9 (RLIN) 57814
Nombre de persona Moya Marchant, Loreto
700 1# - PUNTO DE ACCESO ADICIONAL-NOMBRE DE PERSONA
9 (RLIN) 81718
Nombre de persona Mazzini, M. Marcela
773 0# - ENLACE AL DOCUMENTO FUENTE
Parte(s) relacionada(s) Núm. 403, 2023, págs. 25-38
Título Concilium
Número de control del registro relacionado Rev134
Número Internacional Normalizado para Publicaciones Seriadas (ISSN) 0210-1041
942 ## - ENTRADA DE ELEMENTOS AGREGADOS (KOHA)
Fuente de clasificaión o esquema
Koha [por defecto] tipo de item Artículos de revista
Holdings
Suprimido Perdido Fuente de clasificación o esquema Estropeado No para préstamo Localización permanente Localización actual Fecha adquisición Préstamos totales Fecha última consulta Fecha del precio de reemplazo Tipo de item de Koha
          San Esteban San Esteban 13/12/2023   13/12/2023 13/12/2023 Artículos de revista

Bibliotecas Dominicos Provincia Hispania, 2016

Con tecnología Koha